• 首页
  • 本馆介绍
  • 公告通知
  • 最新文献
  • 馆藏检索
  • 电子资源
  • 读者导购
  • 参考咨询
  • 我的图书馆
  • 登录
  • 详细信息显示
  • 放入我的书架
  • 预约/预借图书
  • 作者相关作品
  • 分类相关作品
  • 丛书相关作品
  • 出版社相关作品

书目信息

  • 表格格式
  • 工作单格式
  • 卡片格式
书名: Physical science
作者: Bill W. Tillery.
分册号:
分册名:
出版地: Dubuque, IA :
 
出版社: McGraw-Hill
出版时间: c2005.
页数: xx, 666 p. :
开本: 28 cm.
丛书名:
中图分类号:
科图分类号:
其他分类号: O4
主题词:
电子资源: http://www.loc.gov/catdir/toc/ecip049/2003021304.html     
000 01131cam a2200277 a 450
001 E0755119843
005 20070314152408.03
008 030929s2005 iaua 001 0 eng
010    @a2003021304
020    @a0072509783 (hard copy : alk. paper).
040    @aDLC@cDLC@dDLC
050 00 @aQ158.5@b.T55 2005
082 00 @a500.2@2 22
090    @aO4
099    @dO4@ex31
100 1  @aTillery, Bill W.
245 10 @aPhysical science / @cBill W. Tillery.
250    @a6th ed.
260    @aDubuque, IA :@bMcGraw-Hill,@cc2005.
300    @axx, 666 p. :@bill. (some col.) ;@c28 cm.
500    @aIncludes index.
650  0 @aPhysical sciences.
856 41 @3 Table of contents@uhttp://www.loc.gov/catdir/toc/ecip049/2003021304.html
906    @a7@bcbc@corignew@d1@eecip@f20@gy-gencatlg
925 0  @aacquire@b1 shelf copy@xpolicy default
955    @ajp25 2003-09-29@cjp25 2003-09-29 to subject@djp18 2003-09-29 to SL@ejp14 2003-09-30 to Dewey@alb00 2003-10-01; out of scope for ?Child Lit@alb10 2003-10-06@aps04 2004-04-14 bk rec’d, to CIP ver. bk rec’d,@ajp00 2004-04-19@fjp43 2004-05-03 CIP ver. to sl@gjp14 2004-05-20 to BCCD
    
    Physical science / / Bill W. Tillery.-6th ed.-Dubuque, IA : : McGraw-Hill, , c2005.
    xx, 666 p. : : ill. (some col.) ; ; 28 cm.
    Includes index.
    
    ISBN 0072509783 (hard copy : alk. paper).
    
●
相关链接 在E读中查询图书 在五车中查询图书 在当当中查询图书 在豆瓣中查询图书


正题名:Physical science     索取号:O4/x31         预约/预借

序号 登录号 条形码 馆藏地/架位号 状态 备注
1 0001824   300018246   第二样本阅览室/ [索取号:O4/x31] 在馆    
唐山师范学院图书馆 欢迎您!
大连网信软件有限公司© 版权所有